Statistics for Luxembourgish Association Football Champions

Click here to take the quiz!

General Stats

  • This quiz has been taken 16 times
  • The average score is 44 of 104

Answer Stats

SeasonChampion% Correct
1920-1921 | 1936-1937 | 1950-1951 | +25 othersJeunesse Esch
83%
1917-1918 | 1919-1920 | 1921-1922 | +4 othersCS Fola Esch
58%
1999-2000 | 2000-2001 | 2001-2002 | +12 othersF91 Dudelange
50%
1922-1923 | 1925-1926 | 1930-1931 | +3 othersFA Red Boys Differdange
33%
1963-1964 | 1965-1966 | 1971-1972Aris Bonnevois
25%
1924-1925 | 1927-1928 | 1928-1929 | +8 othersCA Spora Luxembourg
25%
1968-1969 | 1981-1982 | 1983-1984 | +3 othersAvenir Beggen
17%
1952-1953 | 1977-1978 | 1980-1981Progrès Niedercorn
17%
1926-1927 | 1961-1962 | 1970-1971 | +3 othersUnion Luxembourg
17%
1938-1939 | 1939-1940 | 1944-1945 | +7 othersStade Dudelange
8%
1951-1952National Schifflange
0%
1909-1910Racing Club Luxembourg
0%
1910-1911 | 1918-1919Sporting Club Luxembourg
0%
1911-1912 | 1913-1914 | 1914-1915 | +2 othersUS Hollerich
0%

Score Distribution

Percentile by Number Answered

Percent of People with Each Score

Your Score History

You have not taken this quiz